MDQL
is popping MORE tags! Check the
thread
!
Quizzes
Events
Quiz Creation
Community
Videos
Private Events
Remove Ads
Sign In
Join for FREE
Feedback
Dark Mode
Quiz Categories
Sports
Geography
Music
Movies
Television
Just For Fun
Miscellaneous
History
Literature
Language
Science
Gaming
Entertainment
Religion
Holiday
For Kids
Quiz Lab
Recent
Popular Today
Quiz Kudos Today
Editor Picks
Curator Picks
Quizzes by...
Day
Popularity
Type
Ratings
Length
Year
Community
Subscriptions
Recent Discussions
Orange Saloon
Badges
Playlists
Quests
Create
Leaderboards
Showdown
Live 5
Trivia Bingo
Activity
Puzzle Library
Sporcle Events
Private Events
Virtual Trivia
Globe League
Become a Host
Pub Owners
SporcleCon
Opinionation
Our Games
Videos
Blog
Mobile Apps
Partnerships
Remove Ads and Go Orange
Feedback
Literature
Harry Potter
A Song of Ice and Fire
The Hunger Games
Literary Character
Shakespeare
Book
Author
Novel
Poem
Young Adult
Children's Books
Play
Lord of the Rings
Literature
Harry Potter
A Song of Ice and Fire
The Hunger Games
Literary Character
Shakespeare
Book
Author
Novel
Poem
Young Adult
Children's Books
Play
Lord of the Rings
Random Quiz
Search Sporcle
×
Quiz Lab
Quiz Lab
Literature
A Song of Ice and Fire
Type in answers that appear in a list
Type in answers that appear in a list
Classic
Best Score? Go Orange.
House Lannister - A Song of Ice and Fire Stats
Can you name the known members/bannermen of House Lannister, according to the appendix of A Dance with Dragons?
By
dfsynn
10m
38 Questions
723 Plays
723 Plays
723 Plays
Comments
Comments
Give Quiz Kudos
Give Quiz Kudos
-
- Ratings
hide this ad
Replay
Link that replays current quiz
Next Quiz
Link to next quiz in quiz playlist
You Got
0%
They Got
Avg Score
37%
Avg Friend Score
Upgrade to see
Score Distribution
Jump to the score distribution portion of the page
Score
0/38
Timer
10:00
0
Plays Today
% Correct
Tywin Lannister
98.2%
Queen Cersei Baratheon
97.8%
Tyrion Lannister
97.6%
Ser Jaime Lannister
97.6%
Ser Kevan Lannister
94.2%
Hear Me Roar
92.5%
Lady Genna
73.4%
Gerion Lannister
58.4%
Gawen Westerling
51.5%
Ser Stafford Lannister
49.7%
Ser Tygett Lannister
48.1%
Tytos Brax
46.6%
Roland Crakehall
45.2%
Philip Plumm
42.5%
Alysanne Lefford
40.8%
Damon Marbrand
37.8%
Antario Jast
36.8%
Robin Moreland
30.2%
Quenten Banefort
28.1%
% Correct
Ser Harys Swyft
27.9%
Garrison Prester
21.9%
Selmond Stackspear
20.1%
Terrence Kenning
19.8%
Ser Lorent Lorch
19.8%
Sebaston Farman
18.3%
Vylarr
18.1%
Lewys Lydden
15.6%
Ser Damion Lannister
14.8%
Ser Garth Greenfield
14.5%
Maester Creylen
12.7%
Whitesmile Wat
12.4%
Ser Benedict Broom
11.2%
Lady Margot
10.9%
Regenard Estren
10.7%
Ser Tybolt Hetherspoon
7.2%
Ser Lymond Vikary
6.5%
Ser Raynard Ruttiger
5.9%
Ser Manfryd Yew
5.7%
Quiz Playlist
Details
Report
Send in Message
Add To Playlist
Classic:
Type in answers that appear in a list
Last Updated: Feb 16, 2017
Quiz Scoreboard
CHALLENGE
Sign Up to Join the Scoreboard
Show All
Scores
Hide
Comments
May contain spoilers
Recently Published
Image Sorting: Flags VI
by Barbecue
Geography
2m
Find the 'City' Movie
by crazypaving
Movies
60s
5x2 Blitz: Bands
by SL_Kpop136
Music
30s
More to Explore
Quiz From the Vault
Featured Blog Post
14 Easter Pick-up Lines to Find Eggs With
hide this ad
You Might Also Like...
Tags
A Song of Ice and Fire Quiz
Song Quiz
fire
Game of Thrones
house
ice
Known
Today's Top Quizzes in Literature
Browse Literature
hide this ad
Today's Top Quizzes in A Song of Ice and Fire
Browse A Song of Ice and Fire
Top Contributed Quizzes in Literature
1
Sneaky Slytherin Logic Puzzle
2
Harry Potter logic puzzle: The Hogwarts Soap Opera
3
Harry Potter Slytherin Logic Puzzle
4
Get The Picture: Black or White Literature
5
ASOIAF Siblings Logic Puzzle
6
'Middle' Earth
7
A Song of Ice and Fire Logic Puzzle
8
Harry Potter Logic Puzzle 1
9
Logic Puzzle: Avoid Dumbledore's Army
10
Mini Trivia Sudoku: A Song of Ice and Fire
Explore More
Trending Topics
Anime
Harry Potter
Disney
Crossword
Kpop
NBA
Marvel
Country
Puzzle
Pokémon
NFL
Song
Soccer
The Office
WWE
hide this ad
More By:
dfsynn
Quiz
Plays
Rating
Category
Featured
Created
Major Wars & Conflicts of A Song of Ice and Fire
2,545
4.35
Literature
Mar 21, 2013
House Baratheon - A Song of Ice and Fire
941
4.75
Literature
Apr 24, 2012
House Tyrell - A Song of Ice and Fire
829
4.14
Literature
May 3, 2012
House Tully - A Song of Ice and Fire
746
4.60
Literature
Apr 24, 2012
House Lannister - A Song of Ice and Fire
723
4.50
Literature
May 4, 2012
Go to Creator's Profile
Score Distribution
Quiz Creator Spotlight
dfsynn
Follow
Send a Message
Quizzes Created
-
Created Quiz Play Count
-
More By This Creator
Popular Quizzes Today
1
Colored Red Africa Blitz
2
Find the US States - No Outlines Minefield
3
Find the 'City' Movie
4
5x2 Blitz: Bands
5
The Countries of the World
6
Find the US States
7
Find the Countries of Europe - No Outlines Minefield
8
US States
More Literature Quizzes
1980s Novel Best Sellers
Published
Trending Quizzes
Colored Red Europe Blitz I
Colored Red Europe Blitz II
Colored Red Africa Blitz II
Colored Red Europe Blitz III
Colored Red Africa Blitz III
Recently Updated
How Do You Spell That?
pecheneg
Godzilla Movies
pecheneg
Grab Bag: 4-10 Letters
pecheneg
2024 March Madness Bracket
pecheneg
Famous TV Couples
Peacemaker
Champions League XIs: Real Madrid
pecheneg
Largest US Cities 1790-2010
pecheneg
Rides in Walt Disney World
pecheneg
Most Oscar Losses (Acting)
pecheneg
Beyoncé Albums
pecheneg
Trending Topics
Harry Potter
Crossword
Kpop
Anime
NBA
Marvel
Disney
Country
Puzzle
Pokémon
Soccer
The Office
NFL
WWE
Song
Your Account Isn't Verified!
In order to create a playlist on Sporcle, you need to verify the email address you used during registration. Go to your
Sporcle Settings
to finish the process.
Report this User
Report this user for behavior that violates our
Community Guidelines
.
Details:
Send Report
Go to the Sporcle.com Mobile Site →
Comments